| 000 | 00500cam a22001451 4500 | ||
|---|---|---|---|
| 082 |
_a629.13 _bSAM _cL-18, P-7 |
||
| 100 | 1 |
_aSamuelson, Hugh M. _944320 |
|
| 245 | 1 | 4 |
_aThe executive aircraft; _ba guide to the potentialities, choice, and operation of aircraft for business purposes. |
| 260 |
_a[London] _bTemple Press Books _c[1963] |
||
| 300 |
_a114 p. _billus. _c23 cm. |
||
| 526 |
_a0 _b0 _c0 _d629_130000000000000_SAM |
||
| 650 | 0 |
_aAirplanes, Company. _944321 |
|
| 650 | 0 |
_aMCE _9379 |
|
| 942 |
_2ddc _cBK |
||
| 999 |
_c548146 _d548146 |
||